000 00960cam a2200277 a 4500
001 000003807
005 20200929150558.0
008 870127s1993 sp 000 f spa
020 _a8401492319
020 _a8401492025 (col. Jet)
040 _aDO-SdBNP
_cDLC
_dDLC
_dOCoLC
_dDLC
041 1 7 _aspa
_heng
_2Código de idioma MARC
082 _a813.54
_bC928e
100 1 _aCrichton, Michael,
_d1942-2008.
_911554
240 1 0 _aSphere.
_lEspañol.
245 1 0 _aEsfera : /
_cMichael Crichton ; traductor, Daniel R. Yagolkowski.
260 _aBarcelona :
_bPlaza & Janés,
_c1993.
300 _a365 p. ;
_c18 cm.
490 1 _aLos Jet de Plaza & Janés
_vvol. 202, no. 1
534 _aTítulo original:
_tSphere.
650 4 _aNovela estadounidense
_9262
650 4 _aLiteratura estadounidense
_9263
700 1 _aYagolkowski, Daniel R.
_etr.
_911555
830 0 _aLos Jet de Plaza & Janés ;
_vvol. 202, no. 1.
_911505
910 _aCatalogación por copia / LC
999 _c3629
_d3629